Daňové stimuly ako behaviorálny efekt pri motivácii podnikov

Daňové stimuly a ich využitie v daňovom manažmente podnikateľských subjektov s ohľadom na správanie sa. Priblíženie právnej úpravy pre daňovej úľavy. Skúmanie vplyvu daňových stimulov na jednotlivé podnikateľské subjekty.

Gespeichert in:
Bibliographische Detailangaben
1. Verfasser: Vavrová, Katarína, 1960-
Weitere Verfasser: Bikár, Miloš, 1973-
Format: Buchkapitel
Sprache:Slowakisch
Schlagworte:
Tags: Tag hinzufügen
Keine Tags, Fügen Sie das erste Tag hinzu!

MARC

LEADER 00000naa$a2200000$$$4500
001 0250203
005 20240502074016.4
041 0 |a slo 
044 |a SK 
245 1 0 |a Daňové stimuly ako behaviorálny efekt pri motivácii podnikov  |c Katarína Vavrová, Miloš Bikár 
520 |a Daňové stimuly a ich využitie v daňovom manažmente podnikateľských subjektov s ohľadom na správanie sa. Priblíženie právnej úpravy pre daňovej úľavy. Skúmanie vplyvu daňových stimulov na jednotlivé podnikateľské subjekty. 
610 2 0 |a podnik 
610 2 0 |a dane 
610 2 0 |a stimuly ekonomické 
610 2 0 |a stimuly investičné 
610 2 0 |a systémy daňové 
610 2 0 |a politika daňová 
100 1 |a Vavrová, Katarína, 1960- 
700 1 |a Bikár, Miloš, 1973-